Estadísticas económicas de El Salvador: cuadros comparativos
Gardado en:
| Autor Principal: | |
|---|---|
| Formato: | Texto |
| Publicado: |
s.l:
s.e
|
| Etiquetas: |
Engadir etiqueta
Sen Etiquetas, Sexa o primeiro en etiquetar este rexistro!
|
MARC
| LEADER | 00000 a a2200000 04500 | ||
|---|---|---|---|
| 001 | 21498 | ||
| 003 | |||
| 040 | |||
| 090 | |a 095000 | ||
| 100 | |a Hernández, Carlos Evaristo | ||
| 245 | |a Estadísticas económicas de El Salvador: cuadros comparativos | ||
| 260 | |a s.l: |b s.e | ||
| 999 | |c 11853 |d 11853 | ||
